[Event "Reykjavik op"]
[Site "Reykjavik"]
[Date "2024.03.19"]
[Round "7"]
[White "Risting, Eivind Olav"]
[Black "Gudmundsson, Gunnar Erik"]
[Result "1-0"]
[WhiteElo "2336"]
[BlackElo "2009"]
[PlyCount "119"]
[EventDate "2024.03.15"]
[EventType "swiss"]
[EventRounds "9"]
[EventCountry "ISL"]
[SourceTitle "CB13_2024"]
[SourceDate "2024.03.27"]
[SourceVersion "1"]
[SourceVersionDate "2024.03.27"]
[SourceQuality "1"]

1. Nf3 Nf6 2. c4 e6 3. Nc3 d5 4. d4 Bb4 5. cxd5 exd5 6. Bf4 0-0 7. e3 c6 8. Bd3 Re8 9. h3 a5 10. Qc2 h6 11. 0-0 Bd6 12. Bxd6 Qxd6 13. a3 Nbd7 14. Rab1 Qe7 15. Nd2 b5 16. Rfe1 Nb6 17. e4 dxe4 18. Ncxe4 Bd7 19. Nf3 Nxe4 20. Bxe4 Qd6 21. Ne5 Rac8 22. Rbc1 g6 23. Qb3 Re6 24. Red1 Be8 25. Bf3 a4 26. Qc3 Nd5 27. Qd2 Kg7 28. Ng4 h5 29. Bxd5 Qxd5 30. Qh6+ Kg8 31. Ne3 Qd8 32. Qf4 Qd6 33. Qf3 Rf6 34. Qe4 Rd8 35. g3 Bd7 36. h4 Be6 37. Rxc6 Qd7 38. d5 Bf5 39. Qe5 Rd6 40. Qf4 Rxc6 41. dxc6 Qxd1+ 42. Nxd1 Rxd1+ 43. Kh2 Rd5 44. Qb4 Be6 45. c7 Rf5 46. Qd4 Rf3 47. Kg2 Rb3 48. Qd8+ Kh7 49. c8Q Bxc8 50. Qxc8 Kg7 51. Qc2 Kg8 52. Qd2 Kg7 53. Qd4+ Kg8 54. f3 Kh7 55. g4 Kg8 56. gxh5 gxh5 57. Kg3 Kh7 58. Qf6 Kg8 59. Qg5+ Kf8 60. Qxh5 1-0

[Event "Reykjavik op"]
[Site "Reykjavik"]
[Date "2024.03.16"]
[Round "3"]
[White "Hauksson, Helgi"]
[Black "Gudmundsson, Gunnar Erik"]
[Result "0-1"]
[WhiteElo "1790"]
[BlackElo "2009"]
[PlyCount "80"]
[EventDate "2024.03.15"]
[EventType "swiss"]
[EventRounds "9"]
[EventCountry "ISL"]
[SourceTitle "CB13_2024"]
[SourceDate "2024.03.27"]
[SourceVersion "1"]
[SourceVersionDate "2024.03.27"]
[SourceQuality "1"]

1. e4 c5 2. Nf3 Nc6 3. d4 cxd4 4. Nxd4 Nf6 5. Nc3 e5 6. Ndb5 d6 7. Bg5 a6 8. Na3 b5 9. Nd5 Be7 10. Bxf6 Bxf6 11. c3 0-0 12. Be2 Bg5 13. 0-0 Rb8 14. Nc2 Kh8 15. a4 bxa4 16. Rxa4 Rxb2 17. Bxa6 Bd7 18. Ra3 Be6 19. Nce3 Bxe3 20. Nxe3 Ne7 21. Bc4 Qc7 22. Bd5 Rd8 23. c4 Nc6 24. Qa1 Rdb8 25. h3 h6 26. Ra8 R2b6 27. Kh2 Kh7 28. Rxb8 Qxb8 29. Qd1 Qd8 30. f4 exf4 31. Rxf4 Ne5 32. Qe2 Qg5 33. Rf2 Qe7 34. Nf5 Qf6 35. g3 Ng6 36. Kg2 Rb1 37. Ne3 Qa1 38. Nf1 Ne5 39. Kh2 Re1 40. Rxf7 Rxe2+ 0-1

[Event "Reykjavik op"]
[Site "Reykjavik"]
[Date "2023.04.04"]
[Round "9"]
[White "Townsend, M Paul"]
[Black "Gudmundsson, Gunnar Erik"]
[Result "1-0"]
[WhiteElo "2209"]
[BlackElo "1961"]
[PlyCount "87"]
[EventDate "2023.03.29"]
[EventType "swiss"]
[EventRounds "9"]
[EventCountry "ISL"]
[SourceTitle "EXT 2024"]
[Source "ChessBase"]
[SourceDate "2023.10.10"]
[SourceVersion "1"]
[SourceVersionDate "2023.10.10"]
[SourceQuality "1"]

1. Nf3 Nf6 2. c4 e6 3. g3 d5 4. Bg2 dxc4 5. Na3 c5 6. Nxc4 Nc6 7. 0-0 Be7 8. b3 0-0 9. Bb2 Qc7 10. Nfe5 Bd7 11. Nxd7 Qxd7 12. d3 Rac8 13. Rc1 Nd5 14. Qd2 Rfd8 15. Rfd1 b5 16. Na5 Nb8 17. a3 Na6 18. d4 Qe8 19. Nb7 Rd7 20. Nxc5 Nxc5 21. dxc5 Bxc5 22. Qg5 f6 23. Qh4 Nb6 24. Be4 f5 25. Bd3 Rdc7 26. Qf4 Nd5 27. Qe5 Nf6 28. h3 a6 29. b4 Bb6 30. Rxc7 Bxc7 31. Qe3 Qf7 32. Qa7 f4 33. Qxa6 Rf8 34. g4 f3 35. exf3 Nd5 36. Be4 Nf4 37. Qxb5 Nxh3+ 38. Kf1 Rd8 39. Rxd8+ Bxd8 40. Qh5 Qxh5 41. gxh5 Nf4 42. Bd4 Nd5 43. Bxd5 exd5 44. a4 1-0

[Event "Nordic-ch U15"]
[Site "Helsingborg"]
[Date "2022.08.28"]
[Round "5"]
[White "Gudmundsson, Gunnar Erik"]
[Black "Jacobsen, Markus"]
[Result "1/2-1/2"]
[WhiteElo "1857"]
[BlackElo "1324"]
[PlyCount "72"]
[EventDate "2022.08.26"]
[EventType "swiss"]
[EventRounds "6"]
[EventCountry "SWE"]
[SourceTitle "EXT 2023"]
[Source "ChessBase"]
[SourceDate "2022.10.05"]
[SourceVersion "1"]
[SourceVersionDate "2022.10.05"]
[SourceQuality "1"]

1. d4 d5 2. c4 c6 3. Nc3 e6 4. e3 Nf6 5. Nf3 Bd6 6. Qc2 0-0 7. Be2 Nbd7 8. 0-0 b6 9. b3 Bb7 10. Bb2 Rc8 11. Bd3 dxc4 12. Bxc4 c5 13. Qe2 cxd4 14. Nxd4 Qe7 15. Rfd1 Ne5 16. Bb5 Nd5 17. Nxd5 Bxd5 18. e4 Ba8 19. Ba6 Rcd8 20. Nb5 Bb8 21. Ba3 Qh4 22. Bxf8 Rxf8 23. f3 f5 24. Nd6 fxe4 25. fxe4 Ng4 26. h3 Nf2 27. Rf1 Nxh3+ 28. gxh3 Qg3+ 29. Qg2 Qe3+ 30. Kh1 Rxf1+ 31. Rxf1 Bxd6 32. Be2 Bxe4 33. Bf3 Bf5 34. Bg4 Be4 35. Bf3 Bf5 36. Bg4 Be4 1/2-1/2

[Event "Hasselbacken op"]
[Site "Stockholm"]
[Date "2021.11.05"]
[Round "1"]
[White "Gudmundsson, Gunnar Erik"]
[Black "Kucuksari, Kaan"]
[Result "0-1"]
[WhiteElo "1834"]
[BlackElo "2331"]
[PlyCount "82"]
[EventDate "2021.11.05"]
[EventType "swiss"]
[EventRounds "8"]
[EventCountry "SWE"]
[SourceTitle "CBM 205 Extra"]
[Source "ChessBase"]
[SourceDate "2022.01.31"]
[SourceVersion "1"]
[SourceVersionDate "2022.01.31"]
[SourceQuality "1"]

1. d4 Nf6 2. c4 e6 3. Nc3 Bb4 4. Qc2 0-0 5. Bg5 d6 6. e3 b6 7. Bd3 h6 8. Bh4 Bb7 9. f3 c5 10. Nge2 cxd4 11. exd4 d5 12. cxd5 Bxd5 13. 0-0 Be7 14. Ne4 Nc6 15. Qa4 a6 16. a3 b5 17. Qd1 Na5 18. b4 Nc4 19. Bf2 Nb2 20. Qd2 Nxd3 21. Qxd3 Bc4 22. Qd2 a5 23. Nc5 axb4 24. axb4 Nd5 25. Rfc1 Bg5 26. f4 Be7 27. Ng3 Nf6 28. Re1 Ng4 29. f5 Bg5 30. Qc2 Nxf2 31. Qxf2 Rxa1 32. Rxa1 Bf6 33. Rd1 exf5 34. Nxf5 Re8 35. h3 Bd5 36. Ne3 Ba8 37. Ng4 Bh4 38. Qf1 Qd5 39. Rd2 Re1 40. Qxe1 Bxe1 41. Re2 Bg3 0-1

[Event "EU-ch Hybrid U14"]
[Site "Tornelo INT"]
[Date "2021.10.15"]
[Round "1"]
[White "Gudmundsson, Gunnar Erik"]
[Black "Seemann, Jakub"]
[Result "0-1"]
[WhiteElo "1830"]
[BlackElo "2299"]
[PlyCount "78"]
[EventDate "2021.10.15"]
[EventType "swiss"]
[EventRounds "9"]
[EventCountry "NET"]
[SourceTitle "EXT 2023"]
[Source "ChessBase"]
[SourceDate "2022.10.05"]
[SourceVersion "1"]
[SourceVersionDate "2022.10.05"]
[SourceQuality "1"]
[WhiteTeam "Island"]
[BlackTeam "Poland"]
[WhiteTeamCountry "ISL"]
[BlackTeamCountry "POL"]

1. d4 Nf6 2. c4 g6 3. Nc3 Bg7 4. e4 d6 5. Nf3 0-0 6. Be2 e5 7. Be3 Ng4 8. Bg5 f6 9. Bc1 exd4 10. Nxd4 f5 11. h3 Ne5 12. exf5 gxf5 13. 0-0 f4 14. Re1 Nbc6 15. Nxc6 bxc6 16. Bf3 Rb8 17. Re4 Qh4 18. Qe2 Bd7 19. b3 Bxh3 20. Bd2 Nxf3+ 21. Qxf3 Bg4 22. Rxf4 Rxf4 23. Qxf4 Be5 24. Qg5+ Qxg5 25. Bxg5 Bxc3 26. Rc1 Be5 27. f3 Bf5 28. Be3 c5 29. Rd1 a5 30. g4 Be6 31. Rd3 a4 32. f4 Bg7 33. f5 Bf7 34. Kg2 Be5 35. Kf3 Be8 36. g5 Bc6+ 37. Kg4 Be4 38. Rd2 axb3 39. axb3 Rxb3 0-1

[Event "Nordic-ch U16"]
[Site "Torshavn"]
[Date "2021.09.12"]
[Round "6"]
[White "Gudmundsson, Gunnar Erik"]
[Black "Grahn, Vidar"]
[Result "0-1"]
[WhiteElo "1836"]
[BlackElo "1800"]
[PlyCount "108"]
[EventDate "2021.09.10"]
[EventType "swiss"]
[EventRounds "6"]
[EventCountry "FAI"]
[SourceTitle "EXT 2023"]
[Source "ChessBase"]
[SourceDate "2022.10.05"]
[SourceVersion "1"]
[SourceVersionDate "2022.10.05"]
[SourceQuality "1"]

1. d4 Nf6 2. c4 g6 3. Nc3 Bg7 4. e4 d6 5. h3 0-0 6. Be3 e5 7. d5 Na6 8. g4 Nc5 9. Qc2 c6 10. Nge2 cxd5 11. cxd5 Bd7 12. Ng3 Rc8 13. Be2 b5 14. g5 Ne8 15. a3 f5 16. gxf6 Nxf6 17. f3 a5 18. b4 Na4 19. Bd2 Nxc3 20. Bxc3 Qc7 21. Rc1 Bh6 22. Kf2 Bxc1 23. Rxc1 axb4 24. axb4 Bxh3 25. Kg1 Qb6+ 26. Kh2 Bd7 27. Kg2 Rc7 28. Qd2 Rfc8 29. Bd1 Kf7 30. Ne2 Ra7 31. Bb3 Qd8 32. Ng3 Kg8 33. Rf1 Qe7 34. Bb2 Rf8 35. Qg5 Bc8 36. Qe3 Qg7 37. Rg1 Kh8 38. Qg5 Nh5 39. Nxh5 gxh5 40. Kf2 Qxg5 41. Rxg5 Raf7 42. Bd1 Bg4 43. Bc1 Bxf3 44. Bxf3 Rxf3+ 45. Ke2 Rf2+ 46. Kd3 R8f3+ 47. Be3 Rh2 48. Rg1 Rhh3 49. Re1 Kg7 50. Kd2 Rxe3 51. Rxe3 Rxe3 52. Kxe3 Kf6 53. Kf3 Kg5 54. Kg3 h4+ 0-1

[Event "Nordic-ch U16"]
[Site "Torshavn"]
[Date "2021.09.10"]
[Round "1"]
[White "Gudmundsson, Gunnar Erik"]
[Black "Soderstrom, Adrian"]
[Result "0-1"]
[WhiteElo "1836"]
[BlackElo "2156"]
[PlyCount "68"]
[EventDate "2021.09.10"]
[EventType "swiss"]
[EventRounds "6"]
[EventCountry "FAI"]
[SourceTitle "EXT 2023"]
[Source "ChessBase"]
[SourceDate "2022.10.05"]
[SourceVersion "1"]
[SourceVersionDate "2022.10.05"]
[SourceQuality "1"]

1. d4 Nf6 2. c4 g6 3. Nc3 Bg7 4. e4 d6 5. Nf3 0-0 6. Be2 e5 7. Be3 Ng4 8. Bg5 f6 9. Bc1 Nc6 10. 0-0 exd4 11. Nxd4 f5 12. Nxc6 bxc6 13. exf5 gxf5 14. Bf3 Bd7 15. Ne2 Rb8 16. Rb1 Ne5 17. Nd4 Qh4 18. Be2 Qe4 19. Be3 f4 20. Bf3 Nxf3+ 21. gxf3 Qg6+ 22. Kh1 fxe3 23. fxe3 c5 24. Ne2 Bc6 25. Nf4 Qh6 26. Qd2 Kh8 27. Qa5 Rf7 28. Qa6 Ba8 29. Qxa7 Rg8 30. Rf2 Be5 31. Rg1 Rfg7 32. Rgf1 Bxf4 33. exf4 Qxf4 34. Qa3 Qd4 0-1

[Event "EU-ch 21st"]
[Site "Reykjavik"]
[Date "2021.09.05"]
[Round "11"]
[White "Vedder, Richard"]
[Black "Gudmundsson, Gunnar Erik"]
[Result "1-0"]
[WhiteElo "2266"]
[BlackElo "1844"]
[PlyCount "85"]
[EventDate "2021.08.26"]
[EventType "swiss"]
[EventRounds "11"]
[EventCountry "ISL"]
[SourceTitle "CBM 204"]
[Source "ChessBase"]
[SourceDate "2021.10.31"]
[SourceVersion "1"]
[SourceVersionDate "2021.10.31"]
[SourceQuality "1"]

1. Nf3 Nf6 2. g3 d5 3. Bg2 c5 4. 0-0 Nc6 5. d4 e6 6. c4 Be7 7. cxd5 Nxd5 8. Nc3 cxd4 9. Nxd5 exd5 10. Nxd4 0-0 11. Be3 Be6 12. Rc1 Qd7 13. Nxc6 bxc6 14. Qa4 Rfc8 15. Bc5 Bf6 16. Bd4 Bxd4 17. Qxd4 Bh3 18. Bxh3 Qxh3 19. Rc3 Qe6 20. e3 Rc7 21. Rfc1 f6 22. b4 Rb8 23. Rc5 a6 24. a3 Rb5 25. a4 Rxc5 26. Rxc5 Rb7 27. f3 Qf5 28. Kg2 Qb1 29. Rxc6 Qxb4 30. Qxd5+ Kf8 31. Rxa6 Qb1 32. Ra8+ Ke7 33. Qd8+ Ke6 34. Qe8+ Kd6 35. Ra6+ Rb6 36. Qd8+ Kc6 37. Rxb6+ Qxb6 38. Qxb6+ Kxb6 39. f4 Ka5 40. Kf3 Kxa4 41. Ke4 Kb5 42. Kd5 f5 43. h3 1-0

[Event "EU-ch 21st"]
[Site "Reykjavik"]
[Date "2021.09.04"]
[Round "10"]
[White "Jonsson, Gauti Pall"]
[Black "Gudmundsson, Gunnar Erik"]
[Result "0-1"]
[WhiteElo "2070"]
[BlackElo "1844"]
[PlyCount "64"]
[EventDate "2021.08.26"]
[EventType "swiss"]
[EventRounds "11"]
[EventCountry "ISL"]
[SourceTitle "CBM 204"]
[Source "ChessBase"]
[SourceDate "2021.10.31"]
[SourceVersion "1"]
[SourceVersionDate "2021.10.31"]
[SourceQuality "1"]

1. e4 e6 2. d4 d5 3. Nd2 dxe4 4. Nxe4 Nd7 5. Nf3 Ngf6 6. Nxf6+ Nxf6 7. g3 b6 8. Bg2 Bb7 9. Be3 Be7 10. 0-0 Qc8 11. Qe2 0-0 12. Rfd1 c5 13. a4 a6 14. dxc5 Bxc5 15. Bd4 Nd5 16. Qe5 f6 17. Qh5 g6 18. Qh6 Qc7 19. Bh3 Rae8 20. Bg4 e5 21. Bxc5 Qxc5 22. h4 Qxc2 23. Rac1 Qe4 24. Rc7 Nxc7 25. Rd7 Rf7 26. Rxf7 Kxf7 27. Qxh7+ Kf8 28. h5 Qxg4 29. hxg6 Bd5 30. Qh8+ Ke7 31. Qg7+ Kd8 32. Qxf6+ Kc8 0-1

[Event "EU-ch 21st"]
[Site "Reykjavik"]
[Date "2021.08.31"]
[Round "6"]
[White "Gudmundsson, Gunnar Erik"]
[Black "Bergsson, Stefan"]
[Result "0-1"]
[WhiteElo "1844"]
[BlackElo "2158"]
[PlyCount "60"]
[EventDate "2021.08.26"]
[EventType "swiss"]
[EventRounds "11"]
[EventCountry "ISL"]
[SourceTitle "CBM 204"]
[Source "ChessBase"]
[SourceDate "2021.10.31"]
[SourceVersion "1"]
[SourceVersionDate "2021.10.31"]
[SourceQuality "1"]

1. d4 d5 2. c4 c6 3. Nc3 Nf6 4. e3 e6 5. Nf3 Nbd7 6. Be2 Bd6 7. 0-0 0-0 8. b3 e5 9. dxe5 Nxe5 10. cxd5 Nxf3+ 11. Bxf3 Be5 12. Ba3 Bxc3 13. Rc1 Be5 14. Bxf8 Qxf8 15. dxc6 bxc6 16. Bxc6 Rb8 17. Qd2 g6 18. Rfd1 Bg4 19. f3 Be6 20. Qa5 Bd6 21. Qxa7 Rb4 22. Qa5 Bxh2+ 23. Kf2 Rb8 24. Rd4 Rc8 25. Qd2 Be5 26. Ra4 Rd8 27. Qa5 Qd6 28. Qb4 Bg3+ 29. Kf1 Qd3+ 30. Kg1 Qxe3+ 0-1

[Event "EU-ch 21st"]
[Site "Reykjavik"]
[Date "2021.08.28"]
[Round "3"]
[White "Gudmundsson, Gunnar Erik"]
[Black "Helgadottir, Idunn"]
[Result "1-0"]
[WhiteElo "1844"]
[BlackElo "1243"]
[PlyCount "133"]
[EventDate "2021.08.26"]
[EventType "swiss"]
[EventRounds "11"]
[EventCountry "ISL"]
[SourceTitle "CBM 204"]
[Source "ChessBase"]
[SourceDate "2021.10.31"]
[SourceVersion "1"]
[SourceVersionDate "2021.10.31"]
[SourceQuality "1"]

1. d4 Nf6 2. c4 e6 3. Nf3 b6 4. g3 Be7 5. Bg2 0-0 6. 0-0 c5 7. d5 Qc7 8. Nc3 Bb7 9. Nb5 Qc8 10. d6 Bd8 11. Re1 Ne4 12. Qd3 a6 13. Na3 b5 14. h4 bxc4 15. Nxc4 Bd5 16. Ng5 Bxg5 17. Bxe4 Bxc1 18. Bxd5 exd5 19. Nb6 Qc6 20. Nxa8 Bxb2 21. Rab1 c4 22. Qf3 c3 23. Nc7 c2 24. Rbc1 Bxc1 25. Rxc1 Qxd6 26. Nxd5 Nc6 27. Qe4 Nb4 28. Qxb4 Qxd5 29. Qc3 Qxa2 30. Rxc2 Qe6 31. Rd2 h6 32. Qc7 Re8 33. Rxd7 Qxe2 34. Rxf7 Qe5 35. Qd7 Qa1+ 36. Kg2 Re1 37. Rf3 Rg1+ 38. Kh3 Qf1+ 39. Kg4 Qc4+ 40. Rf4 Qe2+ 41. f3 Qe1 42. Qf7+ Kh7 43. Qf5+ Kh8 44. Qc8+ Kh7 45. Qc2+ Kg8 46. Qc4+ Kh7 47. Qd3+ Kg8 48. Qd5+ Kh7 49. Qe4+ Kg8 50. Qxe1 Rxe1 51. Kf5 Kf7 52. h5 Re6 53. Rc4 Re3 54. Rc7+ Re7 55. Rc6 Ra7 56. Rc4 a5 57. Ra4 Ra6 58. f4 Ke7 59. Ke5 Ke8 60. g4 Ke7 61. g5 hxg5 62. fxg5 Kf8 63. g6 Kg8 64. Kd5 Rf6 65. Rc4 Kf8 66. Rc8+ Ke7 67. h6 1-0

[Event "EU-ch 21st"]
[Site "Reykjavik"]
[Date "2021.08.26"]
[Round "1"]
[White "Gudmundsson, Gunnar Erik"]
[Black "Stefansson, Hannes"]
[Result "0-1"]
[WhiteElo "1844"]
[BlackElo "2519"]
[PlyCount "60"]
[EventDate "2021.08.26"]
[EventType "swiss"]
[EventRounds "11"]
[EventCountry "ISL"]
[SourceTitle "CBM 204"]
[Source "ChessBase"]
[SourceDate "2021.10.31"]
[SourceVersion "1"]
[SourceVersionDate "2021.10.31"]
[SourceQuality "1"]

1. d4 Nf6 2. c4 e6 3. Nf3 b6 4. g3 Ba6 5. b3 d5 6. cxd5 exd5 7. Bg2 Bb4+ 8. Bd2 Bd6 9. 0-0 0-0 10. Nc3 Nbd7 11. Nh4 Re8 12. Re1 Bb7 13. Nb5 Bf8 14. Bf4 c6 15. Nd6 Bxd6 16. Bxd6 Ne4 17. Ba3 Qf6 18. Bxe4 dxe4 19. Qd2 Rad8 20. Bb2 Qe6 21. Ng2 Nf6 22. Nf4 Qf5 23. e3 g5 24. Ne2 Qh3 25. Nc3 Ng4 26. f3 exf3 27. Nd1 f2+ 28. Nxf2 Qxh2+ 29. Kf1 Ba6+ 30. Re2 Qxf2# 0-1